[Event "XVI Festival Magistrale"]
[Site "Asti ITA"]
[Date "1995.10.01"]
[Round "2"]
[White "Fuggetta, Leonardo"]
[Black "Cugini, Verter"]
[Result "1/2-1/2"]
[WhiteElo "2115"]
[BlackElo "2235"]
[PlyCount "64"]
[EventDate "1995.09.30"]

1.c4 Nf6 2.Nc3 g6 3.g3 Bg7 4.Bg2 O-O 5.Nf3 c6 6.d4 d5 7.cxd5 cxd5 8.Ne5 
Nc6 9.O-O Be6 10.Bf4 Rc8 11.Rc1 Qb6 12.Na4 Qa5 13.Nxc6 Rxc6 14.Rxc6 bxc6 
15.Qc2 Bf5 16.Qb3 Nd7 17.Rc1 Qa6 18.e3 Bd3 19.Nc5 Nxc5 20.Rxc5 Bc4 21.Qa3 
Qxa3 22.bxa3 Rc8 23.Ra5 a6 24.Bh3 e6 25.Bd6 Bf8 26.Bxf8 Kxf8 27.Bf1 Bxf1 
28.Kxf1 Ra8 29.Rc5 Rc8 30.Ra5 Ra8 31.Rc5 Rc8 32.Ra5 Ra8 1/2-1/2

[Event "XVI Festival Magistrale"]
[Site "Asti ITA"]
[Date "1995.10.01"]
[Round "2"]
[White "Lacrosse, Marc"]
[Black "Naumkin, Igor"]
[Result "1/2-1/2"]
[WhiteElo "2240"]
[BlackElo "2455"]
[PlyCount "54"]
[EventDate "1995.09.30"]

1.d4 e6 2.c4 f5 3.g3 Nf6 4.Bg2 Be7 5.Nf3 O-O 6.O-O d6 7.Nc3 a5 8.Re1 d5 9.
Bg5 c6 10.e3 h6 11.Bxf6 Bxf6 12.Qc2 g5 13.Rad1 Bg7 14.Ne5 Nd7 15.f4 Nxe5 
16.dxe5 Qe7 17.Na4 b5 18.cxb5 cxb5 19.Qc5 Re8 20.Qxe7 Rxe7 21.Nc3 Rb8 22.
Rc1 b4 23.Ne2 Reb7 24.Nd4 Bd7 25.Rc5 a4 26.Rec1 Kf8 27.Kf2 g4 1/2-1/2

[Event "XVI Festival Magistrale"]
[Site "Asti ITA"]
[Date "1995.10.01"]
[Round "2"]
[White "Mordiglia, Riccardo"]
[Black "Astengo, Marcello"]
[Result "1-0"]
[WhiteElo "2015"]
[BlackElo "2110"]
[PlyCount "67"]
[EventDate "1995.09.30"]

1.e4 e6 2.d4 d5 3.e5 c5 4.c3 Nc6 5.Nf3 Qb6 6.Bd3 Bd7 7.O-O Rc8 8.dxc5 Bxc5
9.b4 Nxb4 10.cxb4 Bd4 11.Be3 Bxe3 12.fxe3 Qxe3+ 13.Kh1 Nh6 14.Qd2 Qb6 15.
Na3 O-O 16.Rae1 Ng4 17.Ng5 g6 18.Nf3 Kg7 19.h3 Nh6 20.Kh2 Rc7 21.Nc2 Rfc8 
22.Ne3 Rc3 23.Ng4 Nxg4+ 24.hxg4 Qxb4 25.Kg3 Qa3 26.Bb1 Qb4 27.Qg5 R8c4 28.
Rh1 Kf8 29.Rxh7 Rxf3+ 30.Kxf3 Rc3+ 31.Re3 Rxe3+ 32.Qxe3 Qxb1 33.Rh8+ Ke7 
34.Qc5# 1-0

[Event "XVI Festival Magistrale"]
[Site "Asti ITA"]
[Date "1995.10.01"]
[Round "2"]
[White "Sedina, Elena"]
[Black "Godena, Michele"]
[Result "0-1"]
[WhiteElo "2350"]
[BlackElo "2420"]
[PlyCount "52"]
[EventDate "1995.09.30"]

1.e4 e5 2.Nf3 Nc6 3.Bb5 a6 4.Bxc6 dxc6 5.O-O Bd6 6.d4 exd4 7.Qxd4 f6 8.Nc3
Qe7 9.Be3 Nh6 10.Bxh6 gxh6 11.Rfe1 Bc5 12.Qd3 Bd7 13.e5 O-O-O 14.exf6 Qxf6
15.Ne4 Qf8 16.Nxc5 Qxc5 17.Re5 Qf8 18.Qe3 Kb8 19.Re1 Qf6 20.c3 Rhg8 21.Nd4
c5 22.Ne6 Rde8 23.Nxc5 Bc6 24.f3 Rxe5 25.Qxe5 Rxg2+ 26.Kh1 Qxf3 0-1

[Event "XVI Festival Magistrale"]
[Site "Asti ITA"]
[Date "1995.10.01"]
[Round "2"]
[White "Spinelli, Doriano"]
[Black "Duarte, Riccardo"]
[Result "1/2-1/2"]
[WhiteElo "2155"]
[BlackElo "2050"]
[PlyCount "159"]
[EventDate "1995.09.30"]

1.e4 e5 2.Nf3 Nc6 3.d4 exd4 4.Nxd4 Nxd4 5.Qxd4 d6 6.Nc3 Nf6 7.Bg5 Be7 8.
O-O-O Be6 9.h3 c6 10.e5 dxe5 11.Qxe5 Nd7 12.Bxe7 Nxe5 13.Bxd8 Rxd8 14.
Rxd8+ Kxd8 15.b3 Ke7 16.Be2 Ng6 17.g3 Rd8 18.f4 h6 19.Bd3 Nf8 20.Re1 Kd6 
21.Ne4+ Kc7 22.Nf2 Re8 23.f5 Bd7 24.Rg1 Nh7 25.h4 Nf6 26.c4 Nh5 27.Kd2 Re5
28.Ng4 Ra5 29.a4 b5 30.cxb5 cxb5 31.Rc1+ Kd6 32.Ne3 Ke7 33.Rc7 Kd8 34.Rc5 
Nxg3 35.Rd5 Kc7 36.Nc2 Bc6 37.Rc5 Kb6 38.Rxc6+ Kxc6 39.Bxb5+ Rxb5 40.Nd4+ 
Kc5 41.Nxb5 a5 42.Kc3 Nxf5 43.Na3 Nd6 44.Nc2 f5 45.Nd4 Ne4+ 46.Kd3 g6 47.
h5 gxh5 48.Nxf5 Nf2+ 49.Ke2 Ng4 50.Kf3 Kb4 51.Nd4 Nf6 52.Kg3 Kc5 53.Nf3 
Kb4 54.Nd4 Kc5 55.Nf3 Nd5 56.Ne5 Nf6 57.Nc4 Kb4 58.Nxa5 Kxa5 59.Kh3 Ne4 
60.Kh4 Nf6 61.Kg3 Nd5 62.Kh4 Nf4 63.Kg3 Ng6 64.Kf3 h4 65.Kg4 h5+ 66.Kh3 
Kb4 67.Kh2 Nf4 68.Kh1 h3 69.Kh2 h4 70.Kg1 Nd3 71.Kh1 Nf2+ 72.Kh2 Ka5 73.
Kg1 Ng4 74.Kh1 h2 75.Kg2 h3+ 76.Kh1 Kb4 77.a5 Kxa5 78.b4+ Kb6 79.b5 Nf2+ 
80.Kxh2 1/2-1/2

[Event "XVI Festival Magistrale"]
[Site "Asti ITA"]
[Date "1995.10.01"]
[Round "2"]
[White "Sulava, Nenad"]
[Black "Legky, Nikolay A."]
[Result "1-0"]
[WhiteElo "2390"]
[BlackElo "2510"]
[PlyCount "78"]
[EventDate "1995.09.30"]

1.Nf3 Nf6 2.c4 g6 3.Nc3 Bg7 4.e4 d6 5.d4 O-O 6.Be2 e5 7.O-O exd4 8.Nxd4 
Re8 9.f3 Nc6 10.Be3 Nh5 11.f4 Nf6 12.Nxc6 bxc6 13.Bf3 Rb8 14.Qc2 Rb4 15.b3
Ng4 16.Bxg4 Bxg4 17.Rae1 Qf6 18.Bd2 Rbb8 19.Na4 Bd7 20.Bc3 Qh4 21.Bxg7 
Kxg7 22.Qd2 c5 23.Nxc5 dxc5 24.Qxd7 Rbd8 25.Qxc7 Rd2 26.Qxc5 Red8 27.Qg5 
Qxg5 28.fxg5 Rxa2 29.Rd1 Rxd1 30.Rxd1 Rb2 31.Ra1 Rxb3 32.Rxa7 Re3 33.c5 
Rxe4 34.c6 Rc4 35.c7 h6 36.h4 Rc2 37.Kf1 Rc5 38.Rb7 hxg5 39.hxg5 Re5 1-0

[Event "XVI Festival Magistrale"]
[Site "Asti ITA"]
[Date "1995.10.02"]
[Round "3"]
[White "Astengo, Marcello"]
[Black "Canelli, Daniele"]
[Result "0-1"]
[WhiteElo "2110"]
[BlackElo "1911"]
[PlyCount "68"]
[EventDate "1995.09.30"]

1.d4 Nf6 2.c4 e5 3.d5 Bc5 4.Nc3 a6 5.e4 d6 6.Bd3 Ng4 7.Nh3 O-O 8.O-O Qf6 
9.Be2 Qg6 10.Qd3 Ne3 11.Bxe3 Bxh3 12.Bf3 Nd7 13.a3 Rae8 14.b4 Bd4 15.Kh1 
Bxc3 16.Qxc3 Bg4 17.Bxg4 Qxg4 18.f3 Qh5 19.c5 f5 20.cxd6 f4 21.Qxc7 fxe3 
22.Qxd7 Rf4 23.g4 Qg6 24.Kg2 Rf6 25.Qxb7 Rxd6 26.Rac1 Rf8 27.Rfe1 h5 28.h3
Qg5 29.Rc6 Qf4 30.Rf1 e2 31.Qxa6 exf1=Q+ 32.Qxf1 Rxc6 33.dxc6 Rd8 34.Kh1 
Rd2 0-1

[Event "XVI Festival Magistrale"]
[Site "Asti ITA"]
[Date "1995.10.02"]
[Round "3"]
[White "Bianco, Valerio"]
[Black "Sedina, Elena"]
[Result "1-0"]
[WhiteElo "2205"]
[BlackElo "2350"]
[PlyCount "83"]
[EventDate "1995.09.30"]

1.Nf3 Nf6 2.g3 d5 3.Bg2 c6 4.O-O Bf5 5.d3 h6 6.Nbd2 e6 7.Ne5 Nbd7 8.Nxd7 
Nxd7 9.e4 Bh7 10.Qe2 Be7 11.f4 O-O 12.Kh1 Re8 13.Nf3 a5 14.h3 a4 15.a3 b5 
16.g4 Nc5 17.e5 Qc7 18.g5 hxg5 19.fxg5 Nd7 20.Bf4 c5 21.Qf2 c4 22.dxc4 
bxc4 23.c3 Nc5 24.Nd4 Nd3 25.Qg3 Rab8 26.h4 Bc5 27.h5 Nxf4 28.Rxf4 Qxe5 
29.Nc6 Qe2 30.Nxb8 Bd6 31.Nd7 Bxf4 32.Qxf4 Qxh5+ 33.Kg1 Qe2 34.Rf1 Bf5 35.
Rf2 Qe1+ 36.Kh2 Rd8 37.Ne5 Rb8 38.Nd3 e5 39.Qxf5 cxd3 40.Qxf7+ Kh8 41.Qh5+
Kg8 42.Bxd5# 1-0

[Event "XVI Festival Magistrale"]
[Site "Asti ITA"]
[Date "1995.10.02"]
[Round "3"]
[White "Cugini, Verter"]
[Black "Coppini, Giorgio"]
[Result "0-1"]
[WhiteElo "2235"]
[BlackElo "2210"]
[PlyCount "120"]
[EventDate "1995.09.30"]

1.e4 d6 2.d4 Nf6 3.Nc3 g6 4.g3 Bg7 5.Bg2 O-O 6.Nge2 Nbd7 7.h3 c5 8.O-O 
cxd4 9.Nxd4 a6 10.Be3 Qc7 11.a4 Ne5 12.Qc1 Bd7 13.Bh6 Nc6 14.Bxg7 Kxg7 15.
Nxc6 Bxc6 16.a5 Rfd8 17.Rd1 e6 18.Qf4 Rac8 19.Rd2 Rd7 20.Qe3 Rcd8 21.Qd4 
e5 22.Qc4 Ne8 23.h4 f5 24.exf5 Bxg2 25.Qxc7 Nxc7 26.Kxg2 gxf5 27.Nd5 Nxd5 
28.Rxd5 Rc8 29.c3 Rc5 30.Rad1 Rxd5 31.Rxd5 Kf6 32.Kf3 Ke6 33.c4 b5 34.axb6
Rb7 35.Rd2 Rxb6 36.Ke2 Rb4 37.Rc2 Kd7 38.Kd2 Rb3 39.Kc1 Kc6 40.Rd2 Rb4 41.
b3 Rxb3 42.Ra2 Rc3+ 43.Kd2 Rxc4 44.Rxa6+ Kd7 45.Kd3 Rc7 46.f4 e4+ 47.Kd4 
Ke6 48.Ra8 Rg7 49.Re8+ Kf7 50.Rh8 Rxg3 51.Rxh7+ Kg6 52.Rh8 Rd3+ 53.Kc4 d5+
54.Kc5 e3 55.Rg8+ Kh6 56.Re8 Kh5 57.Rh8+ Kg4 58.h5 e2 59.Re8 Kf3 60.h6 Kf2
0-1

[Event "XVI Festival Magistrale"]
[Site "Asti ITA"]
[Date "1995.10.02"]
[Round "3"]
[White "Duarte, Riccardo"]
[Black "Fuggetta, Leonardo"]
[Result "0-1"]
[WhiteElo "2050"]
[BlackElo "2115"]
[PlyCount "80"]
[EventDate "1995.09.30"]

1.e4 g6 2.d4 Bg7 3.c3 d6 4.Bd3 c6 5.Ne2 e5 6.Be3 Nd7 7.O-O Ngf6 8.h3 O-O 
9.f4 Qc7 10.Nd2 b6 11.f5 Bb7 12.fxg6 fxg6 13.Nf3 Rae8 14.Qb3+ Kh8 15.Ng5 
d5 16.exd5 cxd5 17.dxe5 Nxe5 18.Bf4 Qc5+ 19.Nd4 Nxd3 20.Bh2 h6 21.Nf3 Ne4 
22.Rad1 Ba6 23.Qa4 Qc4 24.Qd7 Ne5 25.Bxe5 Bxe5 26.b3 Qc7 27.Nxe5 Qxe5 28.
Ne6 Bxf1 29.Nxf8 Rxf8 30.Rxf1 Rxf1+ 31.Kxf1 Qf5+ 32.Qxf5 gxf5 33.Ke2 Kg7 
34.Kd3 Kf6 35.c4 Ke5 36.b4 dxc4+ 37.Kxc4 Nd6+ 38.Kb3 a6 39.a3 Kd4 40.a4 f4
0-1

[Event "XVI Festival Magistrale"]
[Site "Asti ITA"]
[Date "1995.10.02"]
[Round "3"]
[White "Efimov, Igor"]
[Black "Csom, Istvan"]
[Result "1/2-1/2"]
[WhiteElo "2450"]
[BlackElo "2455"]
[PlyCount "29"]
[EventDate "1995.09.30"]

1.c4 e6 2.Nc3 Bb4 3.g3 Nf6 4.Bg2 O-O 5.Nf3 d5 6.cxd5 exd5 7.O-O c6 8.e3 
Nbd7 9.Qc2 a5 10.d3 Re8 11.Bd2 Nf8 12.Ne2 Bxd2 13.Nxd2 Bg4 14.Nd4 Ne6 15.
Nxe6 1/2-1/2

[Event "XVI Festival Magistrale"]
[Site "Asti ITA"]
[Date "1995.10.02"]
[Round "3"]
[White "Godena, Michele"]
[Black "Sulava, Nenad"]
[Result "0-1"]
[WhiteElo "2420"]
[BlackElo "2390"]
[PlyCount "82"]
[EventDate "1995.09.30"]

1.e4 d5 2.exd5 Nf6 3.Nf3 Nxd5 4.d4 Nb6 5.Be2 Bg4 6.h3 Bxf3 7.Bxf3 c6 8.c3 
e6 9.Nd2 Be7 10.O-O N8d7 11.Ne4 Nf6 12.Bf4 Nxe4 13.Bxe4 Bd6 14.Qg4 Bxf4 
15.Qxf4 Qf6 16.Qc7 Qe7 17.Qg3 O-O 18.f4 Qc7 19.Qh4 g6 20.Qg5 a5 21.Rae1 a4
22.Bc2 Nc4 23.b3 Ra5 24.f5 axb3 25.axb3 Nd6 26.b4 Rd5 27.Qg3 exf5 28.Bxf5 
Qd8 29.Bc2 Rg5 30.Qf4 Nb5 31.Bb3 Nxc3 32.Bxf7+ Kg7 33.Re5 Rf5 34.Rxf5 Ne2+
35.Kh1 Nxf4 36.R5xf4 Qc7 37.Kg1 Qe7 38.Bc4 Qe3+ 39.R4f2 Qxd4 40.Ba2 Rxf2 
41.Rxf2 Qxb4 0-1

[Event "XVI Festival Magistrale"]
[Site "Asti ITA"]
[Date "1995.10.02"]
[Round "3"]
[White "Lacrosse, Marc"]
[Black "Nurkic, Sahbaz"]
[Result "0-1"]
[WhiteElo "2240"]
[BlackElo "2420"]
[PlyCount "50"]
[EventDate "1995.09.30"]

1.d4 b5 2.e4 Bb7 3.Bd3 a6 4.Nf3 e6 5.O-O d6 6.Qe2 Nd7 7.a4 b4 8.Bf4 Ngf6 
9.Nbd2 Be7 10.h3 O-O 11.Rfe1 Re8 12.Rad1 Nf8 13.Bh2 Ng6 14.Nb3 a5 15.Bb5 
Bxe4 16.Bxe8 Qxe8 17.Ne5 Bb7 18.Nxg6 hxg6 19.Ra1 Qc6 20.f3 Nd5 21.Kh1 Bg5 
22.Qd3 Nb6 23.Qb5 Qxb5 24.axb5 a4 25.Nc1 Ra5 0-1

[Event "XVI Festival Magistrale"]
[Site "Asti ITA"]
[Date "1995.10.02"]
[Round "3"]
[White "Lampic, Teo"]
[Black "Spinelli, Doriano"]
[Result "1-0"]
[WhiteElo "2099"]
[BlackElo "2155"]
[PlyCount "83"]
[EventDate "1995.09.30"]

1.e4 d5 2.d3 e6 3.c3 c5 4.Be2 g6 5.Nf3 Bg7 6.e5 Nc6 7.d4 Nge7 8.O-O b6 9.
Be3 Nf5 10.Bg5 f6 11.exf6 Bxf6 12.Bxf6 Qxf6 13.Bb5 Bb7 14.Qa4 Ne7 15.Ne5 
Rc8 16.Qxa7 Ba8 17.Qd7+ Kf8 18.Qxc8+ Nxc8 19.Nd7+ Ke7 20.Nxf6 Kxf6 21.dxc5
bxc5 22.Nd2 Nd6 23.Bxc6 Bxc6 24.Nb3 Bb5 25.Rfe1 Rc8 26.Nd2 e5 27.a4 Bd3 
28.a5 Rc6 29.b3 d4 30.c4 Ra6 31.Ra3 e4 32.h3 Kf5 33.Ra2 g5 34.Rd1 h5 35.
Nf3 h4 36.Nh2 Kf4 37.Ng4 Nf5 38.Kh2 Ne3 39.fxe3+ dxe3 40.Re1 e2 41.Rexe2 
Bxe2 42.Rxe2 1-0

[Event "XVI Festival Magistrale"]
[Site "Asti ITA"]
[Date "1995.10.02"]
[Round "3"]
[White "Maccagno, Giancarlo"]
[Black "Arlandi, Ennio"]
[Result "0-1"]
[WhiteElo "2210"]
[BlackElo "2455"]
[PlyCount "50"]
[EventDate "1995.09.30"]

1.e4 c6 2.d4 d5 3.e5 Bf5 4.Ne2 e6 5.Nbc3 c5 6.Be3 Nd7 7.dxc5 a6 8.Nd4 Bg6 
9.h4 h6 10.h5 Bh7 11.f4 Nxc5 12.Qg4 Ne7 13.O-O-O Rc8 14.Qf3 b5 15.a3 Qa5 
16.Bd2 Qb6 17.Qe3 Nf5 18.Nxf5 Bxf5 19.b4 d4 20.bxc5 Qxc5 21.Qe2 dxc3 22.
Bxc3 Qxc3 23.Qxb5+ axb5 24.Bxb5+ Rc6 25.Bxc6+ Qxc6 0-1

[Event "XVI Festival Magistrale"]
[Site "Asti ITA"]
[Date "1995.10.02"]
[Round "3"]
[White "Mordiglia, Riccardo"]
[Black "Malano, Francesco"]
[Result "0-1"]
[WhiteElo "2015"]
[BlackElo "1908"]
[PlyCount "128"]
[EventDate "1995.09.30"]

1.e4 c5 2.b4 cxb4 3.Bb2 Nf6 4.Bc4 Nxe4 5.Bxf7+ Kxf7 6.Qh5+ Kg8 7.Qd5+ e6 
8.Qxe4 Nc6 9.Nf3 Be7 10.d4 d5 11.Qe2 Bd7 12.a3 Rc8 13.O-O Qf8 14.axb4 Bxb4
15.c3 Be7 16.Ba3 Bxa3 17.Nxa3 h5 18.h4 Ne7 19.Ne5 Bc6 20.Rfb1 Qe8 21.g3 
Nf5 22.Nc2 a6 23.Ne1 Bb5 24.Qd2 Nd6 25.Qe3 Rh6 26.N1f3 Rf6 27.Ng5 Nc4 28.
Nxc4 Rxc4 29.Kg2 Qg6 30.Re1 Rc6 31.Nf3 Qd3 32.Ne5 Qxe3 33.Rxe3 Rc7 34.f4 
Be8 35.Rae1 Bg6 36.Nxg6 Rxg6 37.Rb1 Rf6 38.Rb6 Kf7 39.Kf2 Ke7 40.Ke2 Kf7 
41.Kd2 Rg6 42.Kc2 e5 43.Rxg6 exd4 44.Rge6 dxe3 45.Rd6 e2 46.Kd2 Rxc3 47.
Kxe2 Rxg3 48.Rxd5 Kg6 49.Rd7 Rb3 50.Rd5 Rb5 51.Rd3 Kf5 52.Kf3 a5 53.Ra3 b6
54.Kg3 Ke4 55.Rc3 Rc5 56.Ra3 Kd4 57.Ra1 Rc3+ 58.Kg2 Kc4 59.Re1 a4 60.Re7 
a3 61.Rxg7 b5 62.f5 b4 63.f6 a2 64.Ra7 Kb3 0-1

[Event "XVI Festival Magistrale"]
[Site "Asti ITA"]
[Date "1995.10.02"]
[Round "3"]
[White "Mrdja, Milan"]
[Black "Frank, Albert"]
[Result "1-0"]
[WhiteElo "2450"]
[BlackElo "2090"]
[PlyCount "39"]
[EventDate "1995.09.30"]

1.e4 c5 2.Nf3 d6 3.d4 cxd4 4.Nxd4 Nf6 5.Nc3 a6 6.Be3 e5 7.Nb3 Be6 8.Qd2 
Qc7 9.f3 Nbd7 10.g4 h6 11.h4 Be7 12.O-O-O O-O-O 13.Qf2 Qc6 14.Rg1 d5 15.
exd5 Bxd5 16.g5 hxg5 17.hxg5 Bxf3 18.gxf6 Qxf6 19.Be2 Bxe2 20.Qxe2 1-0

[Event "XVI Festival Magistrale"]
[Site "Asti ITA"]
[Date "1995.10.02"]
[Round "3"]
[White "Naumkin, Igor"]
[Black "Dutreeuw, Marc"]
[Result "1/2-1/2"]
[WhiteElo "2455"]
[BlackElo "2370"]
[PlyCount "105"]
[EventDate "1995.09.30"]

1.d4 d5 2.c4 e6 3.Nc3 Be7 4.Nf3 Nf6 5.Bg5 h6 6.Bh4 O-O 7.e3 b6 8.Rc1 Bb7 
9.Bd3 Nbd7 10.O-O c5 11.Qe2 a6 12.a4 Ra7 13.Rfd1 dxc4 14.Bxc4 Qa8 15.dxc5 
Bxc5 16.Ba2 Rc8 17.Bb1 Bb4 18.Na2 Rxc1 19.Rxc1 Bf8 20.Nc3 g6 21.Rd1 Bc6 
22.Bc2 Rc7 23.Bd3 Bb7 24.Bb1 Bg7 25.Bg3 Rc8 26.Ne1 Nc5 27.Be5 Rd8 28.f3 
Rxd1 29.Qxd1 Ncd7 30.Bg3 Qc8 31.e4 Bf8 32.Nd3 Nc5 33.Bf2 Nxd3 34.Bxd3 Bc5 
35.Qd2 Kg7 36.Kf1 Nd7 37.Ne2 Bxf2 38.Kxf2 Qc5+ 39.Kf1 f6 40.Qc3 Qd6 41.Qd4
Qxd4 42.Nxd4 Nc5 43.Bc2 e5 44.Ne2 a5 45.Kf2 Kf7 46.Ke3 Ke6 47.Nc3 Bc6 48.
g3 g5 49.b3 Kd6 50.Ne2 Bb7 51.Kd2 Ne6 52.Bd1 Kc5 53.g4 1/2-1/2

[Event "XVI Festival Magistrale"]
[Site "Asti ITA"]
[Date "1995.10.03"]
[Round "4"]
[White "Arlandi, Ennio"]
[Black "Efimov, Igor"]
[Result "1/2-1/2"]
[WhiteElo "2455"]
[BlackElo "2450"]
[PlyCount "59"]
[EventDate "1995.09.30"]

1.d4 e6 2.c4 b6 3.e4 Bb7 4.Bd3 Nc6 5.Ne2 Nb4 6.O-O Nxd3 7.Qxd3 Ne7 8.Nbc3 
g6 9.Bg5 Bg7 10.f4 f6 11.Bh4 O-O 12.d5 Ba6 13.Rad1 Qe8 14.Nd4 exd5 15.exd5
Qf7 16.b3 c5 17.Ndb5 Bxb5 18.Nxb5 Nf5 19.Bf2 d6 20.g4 a6 21.Nc3 Nh6 22.h3 
Qd7 23.Rde1 Rae8 24.Rxe8 Rxe8 25.Re1 f5 26.g5 Nf7 27.Rxe8+ Qxe8 28.Qe2 Kf8
29.Qxe8+ Kxe8 30.Be1 1/2-1/2

[Event "XVI Festival Magistrale"]
[Site "Asti ITA"]
[Date "1995.10.03"]
[Round "4"]
[White "Belotti, Bruno"]
[Black "Nurkic, Sahbaz"]
[Result "1/2-1/2"]
[WhiteElo "2380"]
[BlackElo "2420"]
[PlyCount "63"]
[EventDate "1995.09.30"]

1.e4 g6 2.d4 Bg7 3.c4 d6 4.Nc3 Nc6 5.d5 Nd4 6.Be3 c5 7.Nge2 Qb6 8.Nxd4 
cxd4 9.Na4 Qa5+ 10.Bd2 Qc7 11.c5 Nf6 12.Bb5+ Bd7 13.Bxd7+ Nxd7 14.cxd6 
Qxd6 15.Rc1 O-O 16.Qe2 f5 17.O-O fxe4 18.Qxe4 b5 19.Rc6 Qe5 20.Nc5 Nxc5 
21.Qxe5 Bxe5 22.Rxc5 a6 23.Bh6 Bd6 24.Bxf8 Bxc5 25.Rc1 Rxf8 26.Rxc5 d3 27.
d6 d2 28.Rd5 Rc8 29.Kf1 exd6 30.Ke2 Rc6 31.Rxd2 Kf7 32.Rd3 1/2-1/2

[Event "XVI Festival Magistrale"]
[Site "Asti ITA"]
[Date "1995.10.03"]
[Round "4"]
[White "Canelli, Daniele"]
[Black "Mrdja, Milan"]
[Result "1-0"]
[WhiteElo "1911"]
[BlackElo "2450"]
[PlyCount "41"]
[EventDate "1995.09.30"]

1.d4 Nf6 2.c4 g6 3.Nc3 Bg7 4.Bg5 O-O 5.Qd2 c5 6.dxc5 Na6 7.g3 Nxc5 8.Bg2 
d6 9.Bh6 Bxh6 10.Qxh6 Be6 11.Nf3 Bxc4 12.Ng5 Ne6 13.h4 Qb6 14.Nce4 Qb4+ 
15.Kf1 Bxe2+ 16.Kg1 Nxg5 17.hxg5 Nh5 18.Rxh5 gxh5 19.g6 fxg6 20.Ng5 Rf7 
21.Bd5 1-0

[Event "XVI Festival Magistrale"]
[Site "Asti ITA"]
[Date "1995.10.03"]
[Round "4"]
[White "Coppini, Giorgio"]
[Black "Bianco, Valerio"]
[Result "1/2-1/2"]
[WhiteElo "2210"]
[BlackElo "2205"]
[PlyCount "55"]
[EventDate "1995.09.30"]

1.e4 Nc6 2.d4 d5 3.e5 Bf5 4.c3 f6 5.exf6 exf6 6.Bd3 Nge7 7.Ne2 Qd7 8.Be3 
Bxd3 9.Qxd3 Qf5 10.Qxf5 Nxf5 11.Bf4 O-O-O 12.h4 Bd6 13.g3 Rhe8 14.Kf1 Kd7 
15.Nd2 Bxf4 16.Nxf4 Kd6 17.g4 Nh6 18.f3 g6 19.Kf2 Nf7 20.Rae1 Nb8 21.h5 g5
22.Nd3 b6 23.Rxe8 Rxe8 24.Re1 Rxe1 25.Nxe1 Ke6 26.Ng2 Nd6 27.f4 Nd7 28.Ke3
1/2-1/2

[Event "XVI Festival Magistrale"]
[Site "Asti ITA"]
[Date "1995.10.03"]
[Round "4"]
[White "Cugini, Verter"]
[Black "Duarte, Riccardo"]
[Result "1-0"]
[WhiteElo "2235"]
[BlackElo "2050"]
[PlyCount "65"]
[EventDate "1995.09.30"]

1.e4 e5 2.Nf3 Nc6 3.d4 exd4 4.Nxd4 Nxd4 5.Qxd4 d6 6.Nc3 Nf6 7.Bc4 Be7 8.
O-O O-O 9.Bg5 b6 10.Rad1 Bb7 11.e5 Ne8 12.Bxe7 Qxe7 13.Rfe1 c5 14.Qf4 dxe5
15.Rxe5 Qf6 16.Qxf6 Nxf6 17.Re7 Bc8 18.Rxf7 Be6 19.Rxf8+ Kxf8 20.Bxe6 Ke7 
21.Nd5+ Nxd5 22.Bxd5 Rd8 23.Bf3 Rf8 24.Kf1 Rc8 25.Ke2 Rc7 26.Kd3 b5 27.Ke4
g6 28.Kd5 c4 29.Re1+ Kf7 30.Kd6 Rc8 31.Re7+ Kf6 32.Rxa7 Rd8+ 33.Rd7 1-0

[Event "XVI Festival Magistrale"]
[Site "Asti ITA"]
[Date "1995.10.03"]
[Round "4"]
[White "Dutreeuw, Marc"]
[Black "Legky, Nikolay A."]
[Result "1/2-1/2"]
[WhiteElo "2370"]
[BlackElo "2510"]
[PlyCount "87"]
[EventDate "1995.09.30"]

1.e4 e6 2.d4 d5 3.Nc3 a6 4.exd5 exd5 5.Qf3 Nc6 6.Nge2 Nb4 7.Kd1 Ne7 8.a3 
Nbc6 9.Be3 h5 10.h3 Bg4 11.Qf4 Ng6 12.Qg5 Qxg5 13.Bxg5 Be6 14.g3 f6 15.Be3
O-O-O 16.Bg2 Nce7 17.Nf4 Nxf4 18.Bxf4 g5 19.Bd2 Nf5 20.Ne2 Nd6 21.b3 Bf5 
22.h4 Ne4 23.Be3 Re8 24.Re1 gxh4 25.gxh4 Bd6 26.Kc1 Rhg8 27.Bh1 Bg4 28.Kb2
Bxe2 29.Rxe2 Rg4 30.Bf3 Rxh4 31.Ree1 Rh3 32.Bg2 Rh2 33.Bf3 h4 34.Rh1 Rxh1 
35.Rxh1 Rh8 36.Bg4+ Kd8 37.c4 dxc4 38.bxc4 c5 39.Bf5 Ng5 40.dxc5 Be5+ 41.
Kc2 Nf3 42.Kd3 h3 43.Bg4 Ng5 44.Bxg5 1/2-1/2

[Event "XVI Festival Magistrale"]
[Site "Asti ITA"]
[Date "1995.10.03"]
[Round "4"]
[White "Frank, Albert"]
[Black "Astengo, Marcello"]
[Result "1-0"]
[WhiteElo "2090"]
[BlackElo "2110"]
[PlyCount "78"]
[EventDate "1995.09.30"]

1.c4 e5 2.Nc3 Bc5 3.Nf3 Nc6 4.e3 d6 5.d4 Bb6 6.c5 dxc5 7.d5 e4 8.Nxe4 Nb4 
9.Nc3 Nf6 10.e4 O-O 11.a3 Na6 12.Bc4 Ba5 13.e5 Ne4 14.O-O Nxc3 15.bxc3 
Bxc3 16.Rb1 Nb8 17.Qd3 Ba5 18.Bg5 Qe8 19.Be3 b6 20.Ng5 g6 21.e6 f6 22.Nf7 
a6 23.Bh6 b5 24.Ba2 Rxf7 25.exf7+ Qxf7 26.d6 c4 27.Qe4 c6 28.a4 Bf5 29.Qf3
Bxb1 30.Rxb1 Ra7 31.Be3 Rb7 32.Qe4 f5 33.Qh4 Nd7 34.Bxc4 bxc4 35.Rxb7 c3 
36.Qe7 Qxe7 37.dxe7 Nf6 38.Kf1 Kf7 39.Ke2 Nd5 1-0

[Event "XVI Festival Magistrale"]
[Site "Asti ITA"]
[Date "1995.10.03"]
[Round "4"]
[White "Fuggetta, Leonardo"]
[Black "Sedina, Elena"]
[Result "0-1"]
[WhiteElo "2115"]
[BlackElo "2350"]
[PlyCount "61"]
[EventDate "1995.09.30"]

1.c4 e5 2.Nc3 Bb4 3.g3 Nf6 4.Nd5 Nxd5 5.cxd5 c6 6.Bg2 O-O 7.a3 Be7 8.Nf3 
d6 9.dxc6 Nxc6 10.O-O Qb6 11.d3 d5 12.Nd2 Be6 13.b4 a5 14.bxa5 Rxa5 15.a4 
Rfa8 16.Rb1 Qa7 17.Rb5 Rxb5 18.axb5 Nd4 19.Nf3 Nxf3+ 20.Bxf3 Qb6 21.Be3 
Qxb5 22.Qb1 Qd7 23.Bb6 Rc8 24.Qa1 Qc6 25.Rb1 Bf6 26.Qa3 Qc2 27.Qb4 Be7 28.
Qb3 Qxb3 29.Rxb3 Rc1+ 30.Kg2 e4 31.Bh5 0-1

[Event "XVI Festival Magistrale"]
[Site "Asti ITA"]
[Date "1995.10.03"]
[Round "4"]
[White "Lampic, Teo"]
[Black "Lacrosse, Marc"]
[Result "0-1"]
[WhiteElo "2099"]
[BlackElo "2240"]
[PlyCount "84"]
[EventDate "1995.09.30"]

1.e4 e5 2.Nf3 Nc6 3.Nc3 Nf6 4.Bb5 Bb4 5.O-O O-O 6.d3 d6 7.Bg5 Bxc3 8.bxc3 
Qe7 9.Re1 Nd8 10.d4 Ne6 11.Bc1 Rd8 12.a4 c6 13.Bf1 Qc7 14.g3 b6 15.Nh4 c5 
16.d5 Nf8 17.c4 Ne8 18.f4 Ng6 19.Ng2 f6 20.f5 Nf8 21.h4 g6 22.Bd3 Qg7 23.
Kf2 Rb8 24.Be3 Rb7 25.Qd2 gxf5 26.exf5 Qg4 27.Bh6 Bxf5 28.Ne3 Qd4 29.Rad1 
Bxd3 30.cxd3 e4 31.Kg2 Ng6 32.dxe4 Qxe4+ 33.Kh2 Nxh4 34.Kh3 Nf3 35.Qg2 Re7
36.Rf1 Qg6 37.Nf5 Qxf5+ 38.g4 Ng5+ 39.Bxg5 Qxg5 40.Rf5 Re3+ 41.Kh2 Qh4+ 
42.Kg1 Rg3 0-1

[Event "XVI Festival Magistrale"]
[Site "Asti ITA"]
[Date "1995.10.03"]
[Round "4"]
[White "Maccagno, Giancarlo"]
[Black "Faraoni, Enrico"]
[Result "1-0"]
[WhiteElo "2210"]
[BlackElo "2135"]
[PlyCount "49"]
[EventDate "1995.09.30"]

1.e4 c5 2.c3 d5 3.exd5 Qxd5 4.d4 e5 5.Nf3 cxd4 6.cxd4 Bb4+ 7.Bd2 Bxd2+ 8.
Qxd2 exd4 9.Na3 Nf6 10.Bc4 Qe4+ 11.Kf1 O-O 12.Re1 Qf5 13.Nxd4 Qh5 14.Re7 
a6 15.Qe2 Qg5 16.Nac2 Qc1+ 17.Qe1 Qxb2 18.Rxf7 Rxf7 19.Qe7 h5 20.Qxf7+ Kh7
21.Bd3+ Kh8 22.Qf8+ Ng8 23.Bc4 Qc1+ 24.Ke2 Qe3+ 25.Nxe3 1-0

[Event "XVI Festival Magistrale"]
[Site "Asti ITA"]
[Date "1995.10.03"]
[Round "4"]
[White "Malano, Francesco"]
[Black "Naumkin, Igor"]
[Result "0-1"]
[WhiteElo "1908"]
[BlackElo "2455"]
[PlyCount "77"]
[EventDate "1995.09.30"]

1.Nf3 Nf6 2.g3 d5 3.Bg2 c5 4.O-O Nc6 5.d3 e5 6.Bg5 Be7 7.Nfd2 Ng8 8.Bxe7 
Ngxe7 9.Nb3 b6 10.e4 d4 11.N1d2 O-O 12.Qe2 Be6 13.a3 Qd7 14.Rad1 Rab8 15.
f4 exf4 16.gxf4 f5 17.Rf2 Rf6 18.Rdf1 Rbf8 19.Nc1 Qc7 20.e5 Rg6 21.Rf3 Nd5
22.Rg3 Rxg3 23.hxg3 Ne3 24.Rf2 b5 25.Nf3 h6 26.Nh2 Nxg2 27.Rxg2 Nd8 28.Nf3
Bd5 29.Rh2 Ne6 30.Qf2 Bb7 31.Ne2 Qc6 32.Ne1 a5 33.b4 axb4 34.axb4 Ra8 35.
bxc5 Ra1 36.Nxd4 Nxd4 37.Qxd4 Rxe1+ 38.Kf2 Rc1 39.Ke2 0-1

[Event "XVI Festival Magistrale"]
[Site "Asti ITA"]
[Date "1995.10.03"]
[Round "4"]
[White "Spinelli, Doriano"]
[Black "Mordiglia, Riccardo"]
[Result "1-0"]
[WhiteElo "2155"]
[BlackElo "2015"]
[PlyCount "65"]
[EventDate "1995.09.30"]

1.e4 e5 2.Nc3 d6 3.g3 g6 4.Bg2 Bg7 5.Nge2 Ne7 6.d4 c6 7.dxe5 dxe5 8.Qxd8+ 
Kxd8 9.Be3 b6 10.O-O-O+ Kc7 11.Rd2 Rd8 12.Rxd8 Kxd8 13.h4 h5 14.Ng1 Ng8 
15.Nf3 Ke7 16.Bf1 Nd7 17.a4 f6 18.Nd2 Bh6 19.Bxh6 Nxh6 20.f3 Nc5 21.b4 Ne6
22.b5 Bb7 23.bxc6 Bxc6 24.Bc4 Nd4 25.Bd5 Rc8 26.Bxc6 Rxc6 27.Kb2 Nf7 28.
Nd5+ Ke6 29.c3 Ne2 30.Rh2 Nxg3 31.Rg2 Nxe4 32.fxe4 g5 33.Rf2 1-0